Quiz di cultura generale #20 - Statistics

Statistiche generali
  • Questo quiz è stato fatto 1.416 volte
  • Il punteggio medio è 12 su 20
Statistiche sulle risposte
DOMANDA RISPOSTA % Corretto
Quale vulcano distrusse Pompei? Vesuvio
98%
12345+12345=? 24690
93%
Un lustro a quanti anni corrisponde? Cinque/5
93%
Colore di maglia indossata dal leader della classifica del Giro d'Italia Rosa
88%
Qual è la più fredda nazione sudamericana per temperature annuali? Cile
82%
E il colore della maglia del leader del Tour de France? Gialla
79%
Strumento che inizia per O appartenente alla famiglia dei legni (a fiato) Oboe
78%
Cosa fa e ripara un ciabattino? (plurale) Scarpe
75%
Civiltà che inventò la ruota Sumeri
72%
Tiger Woods è un campione di quale sport? Golf
66%
Quale punizione inflitta dal papa toccò a Lutero ed Enrico VIII? Scomunica
64%
Nazione odierna in cui nacque il pittore Klimt Austria
60%
Quale città ospitò le Olimpiadi nel 1960? Roma
56%
Stato in cui venne inventata la pallavolo Usa/Stati Uniti
51%
Imperatore che costruì un muro tra Scozia e Inghilterra Adriano
50%
Autore di "Sogno di una notte di mezz'estate" Shakespeare
45%
Diresse il film "2001:Odissea nello spazio" Stanley Kubrick/Kubrick
45%
Scrisse "Cent'anni di solitudine" Gabriel Garcia Marquez/Marquez
27%
Re inglese decapitato durante la Rivoluzione Inglese Carlo I
19%
Cosa studia l'oologia? Uova
4%
Nessun quiz corrispondente trovato
Distribuzione punteggi
Percentuale di utenti per punteggio
Percentile per numero di risposta
I tuoi punteggi nel tempo
Non hai fatto questo quiz